| 000 | 01077nam a22003015i 4500 | ||
|---|---|---|---|
| 001 | 10807 | ||
| 003 | ES-MaACL | ||
| 005 | 20230906145950.0 | ||
| 007 | t| | ||
| 008 | 940322s1993 sp ||||0| spa j | ||
| 020 | _a84-7491-460-4 | ||
| 040 |
_aM-BN _bspa _cM-BN |
||
| 080 | _a091/094(064.3) | ||
| 110 | 2 |
_aUniversidad Complutense de Madrid. _97098 |
|
| 245 | 1 | 0 |
_aBibliográfica complutense _b: [exposición]. |
| 260 |
_aMadrid : _bUniversidad Complutense : _bReal Academia de Bellas Artes de San Fernando, _cD.L. 1993. |
||
| 300 |
_a137 p : _bil ; _c39 cm. |
||
| 500 | _aIndices. | ||
| 500 | _a"XVIII Congreso Internacional de Bibliofilia"--Anteport. | ||
| 610 | 2 | 7 |
_aUniversidad Complutense de Madrid. _bBiblioteca- _xLibros raros- _vExposiciones. _97100 |
| 650 | 1 | 4 |
_aManuscritos- _vExposiciones. _914755 |
| 650 | 1 | 4 |
_aIncunables- _vExposiciones. _913659 |
| 650 | 1 | 4 |
_aLibros raros- _vExposiciones. _914454 |
| 655 | 7 |
_2tgfbne _9193628 _aCatálogos de exposiciones |
|
| 852 |
_aES-MaACL _jB-1413 _bR.123185 |
||
| 942 | _2udc | ||
| 999 |
_c10807 _d10807 |
||